| 000 | 00517 a2200205 4500 | ||
|---|---|---|---|
| 005 | 20260401142043.0 | ||
| 008 | 260401b |||||||| |||| 00| 0 eng d | ||
| 020 |
_a9789347033094 _cRs. 2995.00 |
||
| 040 | _aMAIN | ||
| 082 |
_a382.01 _bK849T |
||
| 100 | _aKothari, Sanjay | ||
| 245 | _aTheories of international trade | ||
| 260 |
_bAcademic Press _c2026 _aDelhi |
||
| 300 | _a110 | ||
| 650 | _aEconomics | ||
| 650 | _aEconomics | ||
| 650 | _aInternational Commerce | ||
| 650 | _aForeign Trade | ||
| 942 | _cBK | ||
| 999 |
_c395946 _d395946 |
||